Visualizzazione normale
Vista MARC
- Donati Pierpaolo, Di Nicola Paola
di Personal Name
Records bibliografici associati: 1
001 - CONTROL NUMBER
- control field: 59665
003 - CONTROL NUMBER IDENTIFIER
- control field:
005 - DATE AND TIME OF LATEST TRANSACTION
- control field: 20230313102958.0
008 - FIXED-LENGTH DATA ELEMENTS
- fixed length control field: 230313|| aca||aabn | a|a d
040 ## - CATALOGING SOURCE
- Original cataloging agency:
- Transcribing agency:
100 ## - HEADING--PERSONAL NAME
- Personal name: Donati Pierpaolo, Di Nicola Paola
670 ## - SOURCE DATA FOUND
- Source citation: Work cat.: ()215268: Donati Pierpaolo, Di Nicola Paola, Lineamenti di sociologia della famiglia., 1989